| 000 | 00936nac a22002777a 4500 | ||
|---|---|---|---|
| 001 | BR7906436 | ||
| 003 | BR-BrBNA | ||
| 005 | 20240105114518.0 | ||
| 008 | 230509b bl.|||m| |||| 00| 0 por d | ||
| 040 |
_aBR-BrBNA _bpor _cBiblioteca Nacional de Agricultura |
||
| 072 | _aE70 | ||
| 090 | _a1300 BR7906436 | ||
| 110 | 1 |
_aCentrais de Abastecimento da Bahia S.A., Salvador (Brasil) _91364 |
|
| 245 | 1 | _aRelatorio anual - 1979 [Centrais de Abastecimento da Bahia S.A.; Estatistica de producao; Hortalica; Fruta; Brasil] | |
| 260 | 3 |
_aSalvador, BA (Brasil): _c[nd]. |
|
| 300 | _a129 p. | ||
| 490 |
_aRelatorio - Centrais de Abastecimento da Bahia S.A. (Brazil) _v _x |
||
| 500 | _aNumerical data; Published after 1979 | ||
| 650 | _aHORTALICA | ||
| 650 | _aFRUTA | ||
| 650 | _aABASTECIMENTO | ||
| 650 | _aESTATISTICA DE PRODUCAO | ||
| 650 | _aBAHIA | ||
| 909 |
_a202312 _bLúcia Elande _c55 _dLúcia Elande |
||
| 942 |
_2AGRIS _n0 _cMS |
||
| 999 |
_c269771 _d269771 |
||